<?xml version="1.0" encoding="UTF-8"?>
<record
    xmlns:xsi="http://www.w3.org/2001/XMLSchema-instance"
    xsi:schemaLocation="http://www.loc.gov/MARC21/slim http://www.loc.gov/standards/marcxml/schema/MARC21slim.xsd"
    xmlns="http://www.loc.gov/MARC21/slim">

  <leader>00291nam a22000977a 4500</leader>
  <controlfield tag="008">160202b        xxu||||| |||| 00| 0 eng d</controlfield>
  <datafield tag="020" ind1=" " ind2=" ">
    <subfield code="6">9780765637925</subfield>
  </datafield>
  <datafield tag="100" ind1=" " ind2=" ">
    <subfield code="a">Harris, M. Jonathan</subfield>
  </datafield>
  <datafield tag="245" ind1=" " ind2=" ">
    <subfield code="a">Environmental and natural resources</subfield>
    <subfield code="b">a contemporary approach</subfield>
  </datafield>
  <datafield tag="500" ind1=" " ind2=" ">
    <subfield code="a">To be cataloged a fresh</subfield>
  </datafield>
  <datafield tag="999" ind1=" " ind2=" ">
    <subfield code="c">15592</subfield>
    <subfield code="d">15592</subfield>
  </datafield>
  <datafield tag="952" ind1=" " ind2=" ">
    <subfield code="0">0</subfield>
    <subfield code="1">0</subfield>
    <subfield code="2">lcc</subfield>
    <subfield code="6">HC0079 E5 H37  02013 C.00001</subfield>
    <subfield code="7">0</subfield>
    <subfield code="9">30510</subfield>
    <subfield code="a">KABU</subfield>
    <subfield code="b">KABU</subfield>
    <subfield code="d">2016-02-02</subfield>
    <subfield code="l">2</subfield>
    <subfield code="m">1</subfield>
    <subfield code="o">HC 79 .E5H37 2013 C.1</subfield>
    <subfield code="p">017051</subfield>
    <subfield code="r">2024-08-02 00:00:00</subfield>
    <subfield code="s">2016-06-29</subfield>
    <subfield code="w">2016-02-02</subfield>
    <subfield code="y">BK</subfield>
  </datafield>
</record>
